000 00598nam a22001937a 4500
003 OSt
005 20240617123454.0
008 240617b |||||||| |||| 00| 0 eng d
020 _a0521597188
040 _cMUST
082 _a511.3
_bECC 1997
100 _aEccles, Peter J.
_917355
245 _aAn introduction to mathematical reasoning :
_bnumbers,sets and functions /
_cPeter J. Eccles
260 _aCambridge
_bCambridge University Press
_c1997
300 _axii,350p:
_bill :
_c23cm.
504 _aIncludes bibliographical references and index
650 _2Proof theory
942 _2ddc
_cO_SHELF
999 _c8551
_d8551